书目信息 |
| 题名: |
戈培尔
|
|
| 作者: | 郭威 著 | |
| 分册: | ||
| 出版信息: | 海口 海南出版社 2002.12 |
|
| 页数: | 207页 | |
| 开本: | 20cm | |
| 丛书名: | 第三帝国人物系列 四 | |
| 单 册: | ||
| 中图分类: | K835.167=5 | |
| 科图分类: | ||
| 主题词: | ||
| 电子资源: | ||
| ISBN: | 7-5443-0421-3 | |
| 000 | 00702oam2 2200253 450 | |
| 001 | 002311160 | |
| 005 | 20070615095555.67 | |
| 010 | @a7-5443-0421-3@dCNY25.00 | |
| 100 | @a20030226d2002 em y0chiy0110 ea | |
| 101 | 0 | @achi |
| 102 | @aCN@b460000 | |
| 105 | @aa z 000yb | |
| 200 | 1 | @a戈培尔@AGe Pei Er@f郭威著@FGuo Wei Zhu |
| 210 | @a海口@c海南出版社@d2002.12 | |
| 215 | @a207页@c照片@d20cm | |
| 225 | 2 | @a第三帝国人物系列 四 |
| 410 | 0 | @12001 @a第三帝国人物系列 |
| 510 | 1 | @aJoseph Goebbels@zeng |
| 600 | 1 | @a戈林,P.J@f1897-1945@x生平事迹 |
| 690 | @aK835.167=5@v4 | |
| 701 | 0 | @a郭威@AGuo Wei@4著 |
| 801 | 0 | @aCN@bNLC@c20070615 |
| 905 | @aBZT@dK835.167=5@e1 | |
| 906 | @dCNY25.00@n0@r1 | |
| 戈培尔/郭威著.-海口:海南出版社,2002.12 |
| 207页:照片;20cm.-(第三帝国人物系列 四) |
| ISBN 7-5443-0421-3:CNY25.00 |
| ● |
| 相关链接 |
|
|
|
正题名:戈培尔
索取号:K835.167=5/1
 
预约/预借
| 序号 | 登录号 | 条形码 | 馆藏地/架位号 | 状态 | 备注 |
| 1 | 559579 | 230145888 | 中心书库南/017架B面4层7列/ [索取号:K835.167=5/1] | 在馆 | |
| 2 | 559580 | 230145892 | 中心书库南/017架B面4层7列/ [索取号:K835.167=5/1] | 在馆 | |
| 3 | 559581 | 230145891 | 中心书库南/017架B面4层7列/ [索取号:K835.167=5/1] | 在馆 | |
| 4 | 559582 | 230145890 | 中心书库南/017架B面5层6列/ [索取号:K835.167=5/1] | 在馆 | |
| 5 | 559583 | 230145889 | 中心书库南/017架B面5层6列/ [索取号:K835.167=5/1] | 在馆 |